<?xml version="1.0" encoding="UTF-8"?>
<record
    xmlns:xsi="http://www.w3.org/2001/XMLSchema-instance"
    xsi:schemaLocation="http://www.loc.gov/MARC21/slim http://www.loc.gov/standards/marcxml/schema/MARC21slim.xsd"
    xmlns="http://www.loc.gov/MARC21/slim">

  <leader>00501nam a2200169Ia 4500</leader>
  <controlfield tag="008">230718s9999    xx            000 0 und d</controlfield>
  <datafield tag="020" ind1=" " ind2=" ">
    <subfield code="a">9780670920600</subfield>
  </datafield>
  <datafield tag="041" ind1=" " ind2=" ">
    <subfield code="a">eng</subfield>
  </datafield>
  <datafield tag="082" ind1=" " ind2=" ">
    <subfield code="a">658.4'09</subfield>
    <subfield code="b">BEL</subfield>
  </datafield>
  <datafield tag="100" ind1=" " ind2=" ">
    <subfield code="a">Belsky S.</subfield>
    <subfield code="9">193433</subfield>
  </datafield>
  <datafield tag="245" ind1=" " ind2=" ">
    <subfield code="a">Making Ideas Happen</subfield>
    <subfield code="b">Overcoming The Obstacles Between Vision And Reality</subfield>
  </datafield>
  <datafield tag="260" ind1=" " ind2=" ">
    <subfield code="c">2011</subfield>
    <subfield code="b">Portfolio Penguin</subfield>
  </datafield>
  <datafield tag="300" ind1=" " ind2=" ">
    <subfield code="a">240</subfield>
  </datafield>
  <datafield tag="365" ind1=" " ind2=" ">
    <subfield code="c">Rs.</subfield>
    <subfield code="b">399.00</subfield>
  </datafield>
  <datafield tag="700" ind1=" " ind2=" ">
    <subfield code="a">Belsky S.</subfield>
    <subfield code="9">193433</subfield>
  </datafield>
  <datafield tag="906" ind1=" " ind2=" ">
    <subfield code="d">O:0281525-Apr-2012B:1108710-Apr-2012</subfield>
    <subfield code="c">MGMT</subfield>
    <subfield code="b">99.75</subfield>
  </datafield>
  <datafield tag="999" ind1=" " ind2=" ">
    <subfield code="c">330567</subfield>
    <subfield code="d">330567</subfield>
  </datafield>
  <datafield tag="952" ind1=" " ind2=" ">
    <subfield code="0">0</subfield>
    <subfield code="1">0</subfield>
    <subfield code="4">0</subfield>
    <subfield code="7">0</subfield>
    <subfield code="a">CCEP</subfield>
    <subfield code="b">CCEP</subfield>
    <subfield code="d">2012-04-24</subfield>
    <subfield code="e">Technical Book Services</subfield>
    <subfield code="f">MGMT</subfield>
    <subfield code="g">299.25</subfield>
    <subfield code="i">11087</subfield>
    <subfield code="l">3</subfield>
    <subfield code="o">658.4'09</subfield>
    <subfield code="p">CCEP-BK-41774</subfield>
    <subfield code="r">2025-02-20 00:00:00</subfield>
    <subfield code="s">2025-02-05</subfield>
    <subfield code="t">99.75</subfield>
    <subfield code="v">399.00</subfield>
    <subfield code="w">2012-04-10</subfield>
    <subfield code="y">BK</subfield>
    <subfield code="z">041774</subfield>
  </datafield>
</record>
